|
|
|
|
| LEADER |
00000nab a2200000 a 4500 |
| 001 |
vtls000479808 |
| 003 |
SK-MaSNL |
| 005 |
20260303005646.0 |
| 008 |
140422c1992 xo 0 slo |
| 015 |
|
|
|a SNBRB19rr/mm-uuuuu
|
| 035 |
|
|
|a CL0479943
|
| 040 |
|
|
|a SNKBUCL
|b slo
|c SNKBUCL
|e AACR2
|
| 041 |
0 |
|
|a slo
|
| 044 |
|
|
|a xo
|c SK
|
| 080 |
|
|
|a 871-1
|2 1981
|
| 100 |
1 |
|
|a Catullus, Gaius Valerius,
|d asi 84 pred. Kr.-asi 54 pred. Kr
|4 aut
|9 164469
|
| 245 |
1 |
0 |
|a Nenávidím a ľúbim
|c Gaius Valerius Catullus ; Prekl. Vojtech Mihálik
|
| 650 |
0 |
7 |
|a skladby básnické
|2 snkbucl
|9 922748
|
| 655 |
|
7 |
|a články z novín a časopisov
|2 snkbucl
|9 267496
|
| 655 |
|
7 |
|a články z odboru literárna veda a krásna literatúra
|2 snkbucl
|9 770045
|
| 700 |
1 |
|
|a Mihálik, Vojtech,
|d 1926-2001
|4 trl
|9 13821
|
| 773 |
0 |
|
|t Literárny týždenník
|g Roč. 5, č. 44 (1992), s. 7
|
| 850 |
|
|
|a Slovenská národná knižnica v Martine
|a MTA001
|
| 852 |
|
|
|a SNK
|b KIS3GCP
|
| 958 |
|
|
|a RK
|
| 958 |
|
|
|a LX
|
| 999 |
|
|
|c 1583708
|d 1585638
|